| 000 | 01272cam a22003497a 4500 | ||
|---|---|---|---|
| 999 |
_c947 _d947 |
||
| 001 | 16115067 | ||
| 003 | GZU | ||
| 005 | 20200916152851.0 | ||
| 008 | 100302s2012 caua 001 0 eng | ||
| 010 | _a 2010923816 | ||
| 020 | _a0840069421 | ||
| 020 | _a9781111428778 | ||
| 020 | _a9780840069429 | ||
| 035 | _a(OCoLC)ocn742416348 | ||
| 040 |
_aIAH _cIAH _dDLC |
||
| 042 | _alccopycat | ||
| 050 | 0 | 0 |
_aQA39.3 _b.COH 2012 |
| 100 | 1 |
_aCohen, David, _d1942 September 28- _eauthor |
|
| 245 | 1 | 0 |
_aPrecalculus / _cDavid Cohen, Theodore B. Lee and David Sklar. |
| 250 | _a7th ed. | ||
| 260 |
_aBelmont, CA : _bBrooks/Cole, Cengage _cc2012 |
||
| 300 |
_a1 v. (various pagings) : _bill. (some col.) ; _c26 cm. |
||
| 500 | _aIncludes index. | ||
| 650 | 0 | _aPrecalculus. | |
| 700 | 1 |
_aLee, Theodore B. _eauthor |
|
| 700 | 1 |
_aSklar, David. _eauthor |
|
| 856 | 4 | 1 |
_3Table of contents only _uhttp://catdir.loc.gov/catdir/enhancements/fy1103/2004113032-t.html |
| 856 | 4 | 2 |
_3Publisher description _uhttp://www.loc.gov/catdir/enhancements/fy1212/2010923816-d.html |
| 856 | 4 | 2 |
_3Contributor biographical information _uhttp://www.loc.gov/catdir/enhancements/fy1303/2010923816-b.html |
| 906 |
_a7 _bcbc _ccopycat _d3 _encip _f20 _gy-gencatlg |
||
| 942 |
_2lcc _cBK _e7th ed. _h39.3 _iCOH _kQD |
||